Pictorial Chosen and Manchuria : Compiled in commemoration of the decennial of the Bank of Chosen
In compiling his album our first endeavour was to procure good pictures with enough variety in them to represent every phase of social and economic progress, and the text, to link together these pictures with words, so that pictures and words would help each other in giving as true an idea as possib...
Na minha lista:
| Formato: | Livro |
|---|---|
| Idioma: | Undetermined |
| Publicado em: |
Seoul
The Bank of Chosen
1919
|
| Tags: |
Adicionar Tag
Sem tags, seja o primeiro a adicionar uma tag!
|
| Thư viện lưu trữ: | Trung tâm Học liệu Trường Đại học Cần Thơ |
|---|
| LEADER | 00809nam a2200169Ia 4500 | ||
|---|---|---|---|
| 001 | CTU_218206 | ||
| 008 | 210402s9999 xx 000 0 und d | ||
| 082 | |a 951.9 | ||
| 082 | |b P611 | ||
| 245 | 0 | |a Pictorial Chosen and Manchuria : | |
| 245 | 0 | |b Compiled in commemoration of the decennial of the Bank of Chosen | |
| 260 | |a Seoul | ||
| 260 | |b The Bank of Chosen | ||
| 260 | |c 1919 | ||
| 520 | |a In compiling his album our first endeavour was to procure good pictures with enough variety in them to represent every phase of social and economic progress, and the text, to link together these pictures with words, so that pictures and words would help each other in giving as true an idea as possible about the countries concerned. | ||
| 904 | |i Trúc | ||
| 980 | |a Trung tâm Học liệu Trường Đại học Cần Thơ | ||